Management standards: EMAS and ISO 14001 (Record no. 117720)

MARC details
000 -LEADER
fixed length control field 01242cam a2200241 4500
001 - CONTROL NUMBER
control field ABS68023
008 - FIXED-LENGTH DATA ELEMENTS--GENERAL INFORMATION
fixed length control field 040716n2004 000 0 eng u
035 ## - SYSTEM CONTROL NUMBER
System control number (Sirsi) u126815
245 ## - TITLE STATEMENT
Title Management standards: EMAS and ISO 14001
260 ## - PUBLICATION, DISTRIBUTION, ETC.
Date of publication, distribution, etc. 2004
490 ## - SERIES STATEMENT
Series statement Environment Information Bulletin
Volume/sequential designation (140) July 2004, 10-16(7)
520 ## - SUMMARY, ETC.
Summary, etc. Series of articles comparing the Eco-Management and Audit Scheme (EMAS) from the EU with the more recognised ISO 14001: 1996. The first article "EMAS versus ISO 14001: no contest?" investigates why there are so few EMAS-registered organisations despite EMAS being viewed as superior to ISO 14001. The second article, "Smiths Group sets a new performance standard" examines how a decentralised engineering group has used ISO 14001 to concentrate on environmental outcomes. The third article, "Lewes Council gives EMAS ringing endorsement", examines Lewes DC's experience of EMAS.
590 ## - LOCAL NOTE (RLIN)
Local note ABS
590 ## - LOCAL NOTE (RLIN)
Local note ABS
650 ## - SUBJECT ADDED ENTRY--TOPICAL TERM
Topical term or geographic name entry element ISO 14001: 1996
650 ## - SUBJECT ADDED ENTRY--TOPICAL TERM
Topical term or geographic name entry element EMAS
650 ## - SUBJECT ADDED ENTRY--TOPICAL TERM
Topical term or geographic name entry element ECO MANAGEMENT AUDIT SCHEME
650 ## - SUBJECT ADDED ENTRY--TOPICAL TERM
Topical term or geographic name entry element REGULATION (EC) 761/2001
650 ## - SUBJECT ADDED ENTRY--TOPICAL TERM
Topical term or geographic name entry element ENVIRONMENTAL MANAGEMENT SCHEMES
650 ## - SUBJECT ADDED ENTRY--TOPICAL TERM
Topical term or geographic name entry element ENVIRONMENTAL AWARENESS
690 ## - LOCAL SUBJECT ADDED ENTRY--TOPICAL TERM (OCLC, RLIN)
Topical term or geographic name as entry element ENVIRONMENT-AUDIT/ASSESSMENT
942 ## - ADDED ENTRY ELEMENTS (KOHA)
Suppress in OPAC 0
Holdings
Withdrawn status Lost status Source of classification or shelving scheme Damaged status Not for loan Home library Current library Shelving location Date acquired Total Checkouts Full call number Barcode Date last seen Copy number Price effective from Koha item type
    Dewey Decimal Classification     London London Journal article 16/07/2004   ABS68023 126815-1001 06/08/2019 1 06/08/2019 Journal article